Visualizzazione normale
Vista MARC
- Del Prete Miki
di Personal Name
Records bibliografici associati: 1
001 - CONTROL NUMBER
- control field: 8641
003 - CONTROL NUMBER IDENTIFIER
- control field: IT-RoPau
005 - DATE AND TIME OF LATEST TRANSACTION
- control field: 20140110100557.0
008 - FIXED-LENGTH DATA ELEMENTS
- fixed length control field: 140110|| aca||aabn | a|a d
040 ## - CATALOGING SOURCE
- Original cataloging agency: IT-RoPau
- Transcribing agency: IT-RoPau
100 ## - HEADING--PERSONAL NAME
- Personal name: Del Prete Miki
- Relator term: Autore testo/musica
- Miscellaneous information: Codice autore testo/musica SPICS: 13865
- Name of part/section of a work: Il ragazzo della via Gluck - La storia di Serafino - Una festa sui prati - Er più - E' inutile davvero - Sabato triste - E voi ballate - Torno sui miei passi - When Love
670 ## - SOURCE DATA FOUND
- Source citation: Work cat.: (IT-RoPau)98854: Celentano Adriano 1546, Celentanando